Normal view
MARC view
- Sarfaraz Ali
Entry Personal Name
001 - CONTROL NUMBER
- control field: 48280
003 - CONTROL NUMBER IDENTIFIER
- control field: NUST
005 - DATE AND TIME OF LATEST TRANSACTION
- control field: 20210314134022.0
008 - FIXED-LENGTH DATA ELEMENTS
- fixed length control field: 210314|| aca||aabn | a|a d
040 ## - CATALOGING SOURCE
- Original cataloging agency: NUST
- Transcribing agency: NUST
100 ## - HEADING--PERSONAL NAME
- Personal name: Sarfaraz Ali
670 ## - SOURCE DATA FOUND
- Source citation: Work cat.: (NUST): Ali Nauman 48279, Forensic distress evaluation of damaged buildings at hayatabad
